ბათუმის შოთა რუსთაველის სახელმწიფო უნივერსიტეტის ბიბლიოთეკა

გმირთა სისხლით. (ბიბ.ჩანაწერი № 39763)

000 -LEADER
fixed length control field 00927nam a2200241Ia 4500
001 - CONTROL NUMBER
control field 6368
003 - CONTROL NUMBER IDENTIFIER
control field GE_BSU
008 - FIXED-LENGTH DATA ELEMENTS--GENERAL INFORMATION
fixed length control field 181216s||||||||xx |||||||||||||| ||und||
040 ## - CATALOGING SOURCE
Transcribing agency GE_BSU
080 ## - UNIVERSAL DECIMAL CLASSIFICATION NUMBER
Universal Decimal Classification number 94(47+57),,1941-1945" :821
100 ## - MAIN ENTRY--PERSONAL NAME
Personal name ბაქრაძე,დავით.
245 ## - TITLE STATEMENT
Title გმირთა სისხლით.
245 ## - TITLE STATEMENT
Remainder of title ნარკვევი.
245 ## - TITLE STATEMENT
Statement of responsibility, etc. რედ:გ.ნატროშვილი;მხატვ:.ნ.ჩერნიშკოვი.
260 ## - PUBLICATION, DISTRIBUTION, ETC.
Place of publication, distribution, etc. თბილისი.
260 ## - PUBLICATION, DISTRIBUTION, ETC.
Name of publisher, distributor, etc. სახელგამი.(ბეჭვდითი სიტყვის კომბინატი.)
260 ## - PUBLICATION, DISTRIBUTION, ETC.
Date of publication, distribution, etc. 1950.
300 ## - PHYSICAL DESCRIPTION
Extent 584გვ;ილ;21სმ.
300 ## - PHYSICAL DESCRIPTION
Other physical details პორტრ.
653 ## - INDEX TERM--UNCONTROLLED
Uncontrolled term გმირთა სისხლით.
653 ## - INDEX TERM--UNCONTROLLED
Uncontrolled term საბჭოთა კავშირის დიდი სამამულო ომი.
942 ## - ADDED ENTRY ELEMENTS (KOHA)
Koha item type წიგნი
ეგზემპლარები
Withdrawn status Lost status Damaged status Not for loan Date acquired Barcode Date last seen Price effective from Koha item type
        2018-12-17 13979 2018-12-17 2018-12-17 წიგნი
        2018-12-17 13980 2018-12-17 2018-12-17 წიგნი
        2018-12-17 13981 2018-12-17 2018-12-17 წიგნი